1535 1996 1584 1046 1906 1030 1572 1823 1167 1270 1850 1277 1195 1236 1995 1515 1225 1885 1925 1813 1064 1979 1547 1849 1437 1759 1131 1037 1474 1624 1698 1998 1650 1732 1814 1404 1388 1514 1182 1650 1482 1907 1445 1941 1218 1387 1704 1840 1268 1929 1116 1961 1714 1439 1837 1515 1497 1933 1366 1861 1438 1501 1634 1496 1912 1985 1756 1532 1419 1365 1059 1575 1303 1499 1381 1253 1608 1962 1094 1143 1882 1033 1072 1106 1536 1747 1353 1152 1830 1324 1010 1030 1332 1860 1448 1432 1131 1967 1029 BCNSPRNW ULIB Ver.6.0+V

เปลี่ยนเป็นภาษาไทย

Change to English
 แสดงรายละเอียดบรรณานุกรม
  กลับหน้าหลัก

Brief Record : Get Marc (ISO 2709) : E-mail record : QR code < ปิดหน้าต่าง
LEADER : 00000nam 2200000uu 4500
001    13399113583
003     ULIB
008    111201s2550||||th 000 0 tha d
020    ^a9789740902348
090    ^aนว.^bป524พ 2550
100 0  ^aปัญญ์ปรียา
245 00 ^aณ ที่แห่งรัก/^cปัญญ์ปรียา
250    ^aพิมพ์ครั้งที่ 2
260    ^aกรุงเทพฯ :^bแจ่มใส,^c2550
300    ^a267 หน้า
710 1  ^aแจ่มใส
945    ^p169^l0^i14461
995    ^aกัณชพร
999    ^aใช้งานได้ทุกระบบ
รายการนี้ยังไม่มีแท็ก
คุณยังไม่ได้ล็อกอิน คุณสามารถมีกิจกรรมร่วมกับเว็บไซต์ได้ แต่ต้องล็อกอินก่อน ::
  ล็อกอิน

รายการสื่อสารสนเทศ

ลำดับที่ ประเภท เลขเรียก/บาร์โค้ด สถานที่ สถานะ
1. วิทยาศาสตร์การแพทย์ และสุขภาพ
วิทยาศาสตร์การแพทย์ และสุขภาพ
นว. ป524พ 2550  
  Barcode: 14461
ห้องสมุดวิทยาเขตสวรรค์ประชารักษ์
►นวนิยาย
บนชั้น
  ขอยืม

รายการใกล้เคียง
    ผู้แต่ง [ปัญญ์ปรียา]

BibComment


ยังไม่เคยถูกคอมเมนท์

คอมเมนท์ทรัพยากรรายการนี้
  คอมเมนท์: ณ ที่แห่งรัก ปัญ..


 Copyright 2026. Bcnsprnw @Library